[Event "Superbet CRO Blitz 2024"]
[Site "Zagreb CRO"]
[Date "2024.07.13"]
[Round "5.1"]
[White "Saric, Ivan"]
[Black "Gukesh, D"]
[Result "0-1"]
[WhiteTitle "GM"]
[BlackTitle "GM"]
[WhiteElo "2690"]
[BlackElo "2763"]
[WhiteFideId "14508150"]
[BlackFideId "46616543"]
[EventDate "2024.07.13"]

1. e4 c5 2. Nf3 Nc6 3. Bb5 d6 4. O-O Bd7 5. Re1 Nf6 6. c3 a6 7. Bf1 Bg4 8. d4
cxd4 9. cxd4 d5 10. e5 Nd7 11. e6 fxe6 12. h3 Bxf3 13. Qxf3 g6 14. Nc3 Nxd4 15.
Qd1 Bg7 16. Bh6 Bf6 17. Rc1 Qb6 18. Be3 O-O 19. Na4 Qa7 20. Rc7 Rfd8 21. Nc5
Nxc5 22. Bxd4 Bxd4 23. Qxd4 Nd7 24. Qg4 Qb6 25. Rxd7 Rxd7 26. Rxe6 Rd6 27. Rxe7
Rf8 28. Re2 Rdf6 29. Qg3 Kg7 30. Qe5 Qd6 31. Qd4 Kg8 32. g3 Qb6 33. Qxd5+ R8f7
34. Qd2 Rf3 35. Qd1 Rxf2 0-1

[Event "Superbet CRO Blitz 2024"]
[Site "Zagreb CRO"]
[Date "2024.07.13"]
[Round "5.2"]
[White "Firouzja, Alireza"]
[Black "Aronian, Levon"]
[Result "1-0"]
[WhiteTitle "GM"]
[BlackTitle "GM"]
[WhiteElo "2744"]
[BlackElo "2729"]
[WhiteFideId "12573981"]
[BlackFideId "13300474"]
[EventDate "2024.07.13"]

1. e4 e6 2. d4 d5 3. Nc3 Nf6 4. e5 Nfd7 5. f4 c5 6. Nf3 Nc6 7. Be3 Be7 8. a3 a6
9. dxc5 Bxc5 10. Bxc5 Nxc5 11. b4 Nd7 12. Bd3 Qb6 13. Qd2 O-O 14. Qf2 Qxf2+ 15.
Kxf2 f6 16. exf6 Nxf6 17. Rhe1 Ng4+ 18. Kg3 Nf6 19. Kh4 Bd7 20. Rad1 Ne8 21. Kg3
Nf6 22. Kf2 Ng4+ 23. Kg1 Rxf4 24. h3 Rxf3 25. gxf3 Nge5 26. Kg2 Rf8 27. Rf1 Nd4
28. Bxh7+ Kxh7 29. Rxd4 Rc8 30. Re1 Ng6 31. Ne4 Rxc2+ 32. Kg3 Ne7 33. Ng5+ Kg6
34. Rg4 Nf5+ 35. Kf4 Kf6 36. Nh7+ Kf7 37. Ke5 d4 38. Ng5+ Ke7 39. Ne4 b6 40. Ng3
d3 41. Nxf5+ exf5 42. Rxg7+ Kd8 43. Rd1 Bb5 44. Kxf5 Ra2 45. Ke5 Rxa3 46. Kd6
Ke8 47. Re7+ Kf8 48. Rc1 1-0

[Event "Superbet CRO Blitz 2024"]
[Site "Zagreb CRO"]
[Date "2024.07.13"]
[Round "5.3"]
[White "So, Wesley"]
[Black "Caruana, Fabiano"]
[Result "0-1"]
[WhiteTitle "GM"]
[BlackTitle "GM"]
[WhiteElo "2757"]
[BlackElo "2796"]
[WhiteFideId "5202213"]
[BlackFideId "2020009"]
[EventDate "2024.07.13"]

1. e4 e5 2. Nf3 Nc6 3. Bc4 Bc5 4. c3 Nf6 5. d3 d6 6. O-O h6 7. Re1 a5 8. Nbd2
O-O 9. Nf1 a4 10. h3 Bd7 11. Bb5 Ne7 12. Bxd7 Nxd7 13. d4 Bb6 14. Qc2 exd4 15.
Nxd4 d5 16. Ng3 Re8 17. Be3 dxe4 18. Qxe4 Nf6 19. Qxb7 Nfd5 20. Nc6 Nxc6 21.
Bxb6 Qd7 22. Rxe8+ Rxe8 23. Bc5 Rb8 24. Qa6 Rxb2 25. Qa8+ Kh7 26. Qxa4 Nxc3 27.
Qc4 Rc2 28. Qb3 Ne2+ 29. Nxe2 Rxe2 30. a4 Qf5 31. Be3 Na5 32. Qd1 Rc2 33. Rc1
Rxc1 34. Qxc1 c6 35. Bb6 Nb3 36. Qd1 Qe6 37. a5 c5 38. Qc2+ g6 39. Qa2 c4 40. a6
Qe1+ 41. Kh2 Nd2 42. g4 Qe2 43. Qa1 Nf3+ 44. Kg3 Ng5 45. Qh1 Ne4+ 46. Kh2 Nxf2
47. Bxf2 Qxf2+ 48. Qg2 Qf4+ 49. Qg3 Qd2+ 50. Qg2 Qd6+ 0-1

[Event "Superbet CRO Blitz 2024"]
[Site "Zagreb CRO"]
[Date "2024.07.13"]
[Round "5.4"]
[White "Vachier-Lagrave, Maxime"]
[Black "Giri, Anish"]
[Result "1-0"]
[WhiteTitle "GM"]
[BlackTitle "GM"]
[WhiteElo "2718"]
[BlackElo "2745"]
[WhiteFideId "623539"]
[BlackFideId "24116068"]
[EventDate "2024.07.13"]

1. e4 c5 2. Nf3 d6 3. d4 cxd4 4. Nxd4 Nf6 5. Nc3 a6 6. Be2 e5 7. Nb3 Be7 8. O-O
O-O 9. Re1 Be6 10. Be3 Nc6 11. Bf3 Na5 12. Nxa5 Qxa5 13. Qd2 Rfc8 14. Rad1 Kf8
15. Bg5 Rc6 16. h3 Rac8 17. Bxf6 Bxf6 18. Bg4 g6 19. Qh6+ Kg8 20. Nd5 Qd8 21.
Nxf6+ Qxf6 22. c3 b5 23. Bxe6 fxe6 24. Rd3 Rf8 25. Qd2 Rd8 26. Rf3 Qe7 27. Rd1
d5 28. Rd3 Rcd6 29. Qe3 Kg7 30. Qc5 Qd7 31. h4 Qc6 32. Qe3 dxe4 33. Rxd6 Rxd6
34. Rxd6 Qxd6 35. Qxe4 Qd5 36. Qe3 Qxa2 37. Qxe5+ Kf7 38. b4 h5 39. Qc7+ Kf6 40.
Qd8+ Kf7 41. Qd7+ Kf6 42. Qe8 e5 43. Qf8+ Qf7 44. Qh8+ Kf5 45. f3 e4 46. fxe4+
Kxe4 47. Qd4+ Kf5 48. Qf2+ Ke6 49. Qa2+ Ke7 50. Qxa6 Qf5 51. Qa7+ Ke8 52. Qd4
Kf7 53. Kh2 Ke8 54. Kg3 Qe6 55. Kf3 Kf7 56. Qe4 Qb3 57. Qd3 Kf6 58. Ke3 Kg7 59.
Kd4 Qf7 60. Kc5 Qe7+ 61. Kxb5 Qxh4 62. Qd4+ 1-0

[Event "Superbet CRO Blitz 2024"]
[Site "Zagreb CRO"]
[Date "2024.07.13"]
[Round "5.5"]
[White "Vidit, Santosh Gujrathi"]
[Black "Nepomniachtchi, Ian"]
[Result "0-1"]
[WhiteTitle "GM"]
[BlackTitle "GM"]
[WhiteElo "2720"]
[BlackElo "2770"]
[WhiteFideId "5029465"]
[BlackFideId "4168119"]
[EventDate "2024.07.13"]

1. d4 Nf6 2. Nf3 e6 3. e3 b6 4. Bd3 Bb7 5. O-O d5 6. b3 Bd6 7. Bb2 O-O 8. c4
Nbd7 9. Nc3 a6 10. Qe2 dxc4 11. bxc4 c5 12. Rfd1 cxd4 13. exd4 Qc7 14. h3 Rfe8
15. Nd2 Nf8 16. Nde4 Nxe4 17. Bxe4 Rac8 18. Rac1 Ng6 19. Bxb7 Qxb7 20. g3 Red8
21. Ne4 Bf8 22. Qf3 Qd7 23. h4 f5 24. Ng5 h6 25. Nh3 Bd6 26. Re1 Qf7 27. Re2 Nf8
28. a4 Re8 29. Kg2 Nh7 30. Nf4 Bxf4 31. Qxf4 Nf6 32. f3 Qd7 33. d5 exd5 34.
Rxe8+ Nxe8 35. Rd1 Qxa4 36. Rd2 Qxc4 37. Qxf5 d4 38. Bxd4 Rd8 39. Qe5 Nf6 40. g4
Qd5 41. Qf4 Qc4 42. g5 hxg5 43. hxg5 Nh5 44. Qe4 Qf7 45. Kf2 Re8 46. Be5 Qe6 47.
Re2 b5 48. Qg4 g6 49. Qd4 Ng7 50. Re4 Nf5 51. Qa7 Qa2+ 52. Re2 Qd5 53. f4 Qh1
54. Qxa6 Qh2+ 55. Ke1 Qg1+ 56. Kd2 Rd8+ 57. Kc3 0-1

[Event "Superbet CRO Blitz 2024"]
[Site "Zagreb CRO"]
[Date "2024.07.13"]
[Round "6.1"]
[White "Caruana, Fabiano"]
[Black "Firouzja, Alireza"]
[Result "0-1"]
[WhiteTitle "GM"]
[BlackTitle "GM"]
[WhiteElo "2796"]
[BlackElo "2744"]
[WhiteFideId "2020009"]
[BlackFideId "12573981"]
[EventDate "2024.07.13"]

1. c4 e5 2. Nc3 Nc6 3. Nf3 Nf6 4. g3 Bb4 5. Bg2 O-O 6. Nd5 e4 7. Nh4 Re8 8. O-O
d6 9. d3 exd3 10. Qxd3 Nxd5 11. cxd5 Ne5 12. Qc2 Bc5 13. Bd2 Bg4 14. Bc3 Qd7 15.
b4 Bb6 16. Rac1 Re7 17. e3 a5 18. bxa5 Bxa5 19. Bd4 Ng6 20. Nxg6 fxg6 21. Qb2 b6
22. Rc4 Rf8 23. Rfc1 b5 24. Rc6 Qf5 25. f4 Bh3 26. Bxh3 Qxh3 27. Qxb5 Bd2 28.
Rxc7 Bxe3+ 29. Bxe3 Rxe3 30. Qb2 Rxg3+ 31. hxg3 Qxg3+ 32. Qg2 Qxf4 33. R7c2 h6
34. Rf1 Qe3+ 35. Kh1 Re8 36. Qxg6 Qh3+ 37. Kg1 Re5 38. Rc8+ Qxc8 39. Kh2 Qd8 40.
Rf4 Qe7 41. Qg4 Re2+ 42. Kh3 Re3+ 43. Kh2 Re5 44. a4 Rxd5 45. Qc8+ Kh7 46. Qc2+
g6 47. Qf2 Rh5+ 48. Kg3 Rg5+ 49. Kh2 Rh5+ 50. Kg2 Kg7 51. Qd4+ Re5 52. a5 Qb7+
53. Kh2 h5 54. Rf2 Qc6 55. Ra2 Kh7 56. a6 Re1 57. Rg2 Qc1 58. Qf2 Rh1+ 59. Kg3
Qc3+ 60. Kf4 Qe5+ 61. Kf3 Qf5+ 62. Ke3 Qc5+ 63. Kf4 Qe5+ 64. Kf3 Qd5+ 65. Kf4
Qc4+ 66. Kg5 Rf1 67. Qa7+ Rf7 68. Qxf7+ Qxf7 0-1

[Event "Superbet CRO Blitz 2024"]
[Site "Zagreb CRO"]
[Date "2024.07.13"]
[Round "6.2"]
[White "Vidit, Santosh Gujrathi"]
[Black "Saric, Ivan"]
[Result "1/2-1/2"]
[WhiteTitle "GM"]
[BlackTitle "GM"]
[WhiteElo "2720"]
[BlackElo "2690"]
[WhiteFideId "5029465"]
[BlackFideId "14508150"]
[EventDate "2024.07.13"]

1. e4 c5 2. Nf3 d6 3. Bb5+ Nd7 4. d4 cxd4 5. Nxd4 Nf6 6. Bd3 e6 7. c4 Nc5 8. Nc3
Nxd3+ 9. Qxd3 Be7 10. O-O O-O 11. Bg5 h6 12. Bh4 a6 13. Rfd1 Bd7 14. Rac1 Rc8
15. h3 Qc7 16. b3 Rfd8 17. Bg3 Qa5 18. a4 Nh5 19. Bh2 Qg5 20. Nf3 Nf4 21. Nxg5
Nxd3 22. Rxd3 hxg5 23. Rcd1 Bc6 24. Bxd6 Bxd6 25. Rxd6 Rxd6 26. Rxd6 Kf8 27. f3
Ke7 28. Rd2 a5 29. Kf2 Kf6 30. Ke3 Ke5 31. Ne2 f5 32. exf5 exf5 33. Nd4 Be8 34.
Re2 Kf6 35. Kd3 Bd7 36. Kc3 g4 37. fxg4 fxg4 38. Rf2+ Kg6 39. hxg4 Bxg4 40. Nb5
Re8 41. Kd4 Bd1 42. Rb2 Kg5 43. Nd6 Re7 44. Ne4+ Kf4 45. Rf2+ Kg4 46. Rb2 g5 47.
Nf2+ Kg3 48. Ne4+ Kf4 49. Nc3 Rd7+ 50. Nd5+ Kg3 51. Ke5 g4 52. c5 Rd8 53. Nc3
Re8+ 54. Kd6 Bf3 55. gxf3 gxf3 56. Nd1 Rd8+ 57. Kc7 Rxd1 58. Kxb7 f2 59. Rxf2
Kxf2 60. c6 Rb1 61. c7 Rxb3+ 62. Kc6 Rc3+ 63. Kb7 Rb3+ 64. Ka6 Rc3 65. Kxa5 Rxc7
66. Kb6 Rc1 67. a5 Rb1+ 68. Kc6 Ra1 69. Kb6 Ke3 70. a6 Kd4 71. a7 Kd5 72. Kb7
Rxa7+ 73. Kxa7 1/2-1/2

[Event "Superbet CRO Blitz 2024"]
[Site "Zagreb CRO"]
[Date "2024.07.13"]
[Round "6.3"]
[White "Gukesh, D"]
[Black "So, Wesley"]
[Result "1-0"]
[WhiteTitle "GM"]
[BlackTitle "GM"]
[WhiteElo "2763"]
[BlackElo "2757"]
[WhiteFideId "46616543"]
[BlackFideId "5202213"]
[EventDate "2024.07.13"]

1. d4 d5 2. Bf4 c5 3. e3 Nc6 4. c3 Nf6 5. Nd2 cxd4 6. exd4 Bf5 7. Qb3 Qc8 8.
Ngf3 e6 9. Be2 Be7 10. O-O O-O 11. h3 h6 12. a4 Ne4 13. Nxe4 Bxe4 14. Nd2 Bg6
15. Rfe1 a6 16. Qd1 Na5 17. b4 Nc6 18. a5 Na7 19. Rc1 Nb5 20. Qb3 Qc6 21. Nf3
Bd6 22. Ne5 Bxe5 23. dxe5 Rac8 24. Be3 Rfd8 25. Bb6 Re8 26. Red1 Be4 27. f3 Nxc3
28. Bf1 Bf5 29. Bd4 Qa4 30. Rxc3 Qxb3 31. Rxb3 Bc2 32. Rbb1 Bxb1 33. Rxb1 Rc2
34. Bc5 Rc8 35. Bd3 Rc3 36. Rd1 g5 37. Kf2 Ra3 38. Rd2 Kg7 39. Ke3 f6 40. Kd4
Ra1 41. Re2 Rd1 42. Kc3 f5 43. Bc2 Rh1 44. Kb2 Kf7 45. Bb3 h5 46. Rd2 Rg8 47.
Bd6 g4 48. fxg4 hxg4 49. hxg4 Rxg4 50. Bd1 Rc4 51. Be2 Rc8 52. Bf3 Rhc1 53. Bc5
Re1 54. Rd4 Rxe5 55. Rh4 Kg6 56. Bd6 Re1 57. Bf4 Rc4 58. Rh6+ Kg7 59. Bd2 Rf1
60. Rxe6 Rf2 61. Re2 Rxe2 62. Bxe2 Rc8 63. Bf3 Rd8 64. Kc3 Kf6 65. Kd4 Ke6 66.
Bf4 Rd7 67. g3 Rd8 68. Bg2 Rd7 69. Bf3 Rd8 70. Bd1 Rd7 71. Bb3 Rd8 72. Kc5 Rd7
73. Ba2 Rd8 74. Kb6 Rd7 75. Bc7 Ke7 76. Kxb7 d4 77. b5 axb5 78. a6 d3 79. Bb3 1-0

[Event "Superbet CRO Blitz 2024"]
[Site "Zagreb CRO"]
[Date "2024.07.13"]
[Round "6.4"]
[White "Nepomniachtchi, Ian"]
[Black "Giri, Anish"]
[Result "1/2-1/2"]
[WhiteTitle "GM"]
[BlackTitle "GM"]
[WhiteElo "2770"]
[BlackElo "2745"]
[WhiteFideId "4168119"]
[BlackFideId "24116068"]
[EventDate "2024.07.13"]

1. e4 c5 2. Nf3 d6 3. c3 Nf6 4. Be2 g6 5. O-O Bg7 6. Bb5+ Bd7 7. Bxd7+ Nfxd7 8.
d4 O-O 9. Be3 Nc6 10. Nbd2 cxd4 11. cxd4 Qa5 12. Qb3 Qb4 13. Qd3 a6 14. Rfc1
Rfc8 15. a3 Qb5 16. Qxb5 axb5 17. Kf1 f5 18. Ke2 Nf6 19. Kd3 h6 20. h3 Kf7 21.
Rc3 b4 22. Rb3 fxe4+ 23. Nxe4 Nd5 24. Ke2 Na5 25. Rd3 Nc4 26. Rb1 bxa3 27. bxa3
b6 28. Rbb3 Ra5 29. Nc3 Ndxe3 30. fxe3 Rxa3 31. Rxa3 Nxa3 32. Nd2 Nc4 33. Nd5
Nxd2 34. Rxd2 b5 35. Rb2 e5 36. Rxb5 exd4 37. Rb7+ Kf8 38. Nf4 Kg8 39. Ne6 Bf6
40. exd4 Rc2+ 41. Kf3 d5 42. Rd7 Rc6 43. Nf4 Bxd4 44. Nxd5 Bf6 45. g3 Kf8 46.
Rb7 Ra6 47. h4 h5 48. Rb3 Be5 49. Re3 Bb8 50. Rc3 Kf7 51. Nb4 Rb6 52. Nc6 Bd6
53. Na5 Rb5 54. Nc4 Be7 55. Rd3 Rc5 56. Ne3 Ke6 57. Ng2 g5 58. hxg5 Bxg5 59. Rb3
Rf5+ 60. Ke4 Re5+ 61. Kf3 Rf5+ 62. Ke4 Re5+ 1/2-1/2

[Event "Superbet CRO Blitz 2024"]
[Site "Zagreb CRO"]
[Date "2024.07.13"]
[Round "6.5"]
[White "Aronian, Levon"]
[Black "Vachier-Lagrave, Maxime"]
[Result "0-1"]
[WhiteTitle "GM"]
[BlackTitle "GM"]
[WhiteElo "2729"]
[BlackElo "2718"]
[WhiteFideId "13300474"]
[BlackFideId "623539"]
[EventDate "2024.07.13"]

1. d4 Nf6 2. c4 g6 3. f3 c5 4. d5 d6 5. e4 e6 6. Nc3 Bg7 7. Bg5 a6 8. a4 h6 9.
Be3 O-O 10. Qd2 exd5 11. cxd5 Nbd7 12. Nge2 h5 13. Bg5 Qc7 14. Ng3 c4 15. Be2
Rb8 16. O-O b5 17. axb5 axb5 18. Bh6 Nc5 19. Bxg7 Kxg7 20. Bd1 Nd3 21. Bc2 Qc5+
22. Kh1 h4 23. Nf5+ Bxf5 24. Bxd3 Bd7 25. Be2 Nh5 26. Rfd1 Ng3+ 27. hxg3 hxg3
28. Qd4+ Qxd4 29. Rxd4 Rh8+ 30. Kg1 Rh4 31. Bd1 Rbh8 32. Kf1 Rh1+ 33. Ke2 R8h2
34. f4 Rxg2+ 35. Kf3 Rxb2 36. Ne2 Rxe2 0-1

[Event "Superbet CRO Blitz 2024"]
[Site "Zagreb CRO"]
[Date "2024.07.13"]
[Round "7.1"]
[White "Firouzja, Alireza"]
[Black "Gukesh, D"]
[Result "1/2-1/2"]
[WhiteTitle "GM"]
[BlackTitle "GM"]
[WhiteElo "2744"]
[BlackElo "2763"]
[WhiteFideId "12573981"]
[BlackFideId "46616543"]
[EventDate "2024.07.13"]

1. e4 c5 2. Nf3 Nc6 3. Bb5 d6 4. O-O Bd7 5. Re1 Nf6 6. c3 a6 7. Bf1 Bg4 8. h3
Bxf3 9. Qxf3 e6 10. d3 Be7 11. a4 O-O 12. Na3 b5 13. Bf4 Rb8 14. axb5 axb5 15.
Nc2 Qd7 16. d4 cxd4 17. cxd4 Rfc8 18. d5 Ne5 19. Qb3 exd5 20. Rad1 Ng6 21. Bh2
dxe4 22. Nd4 Rc5 23. Rc1 Qc8 24. Rxc5 Qxc5 25. Nxb5 h5 26. Qa4 Ne5 27. b4 Qc6
28. Qa7 Ned7 29. Nd4 Qd5 30. Nc2 Qd2 31. Re2 Qc1 32. Qd4 Rc8 33. Ne3 Bd8 34.
Bxd6 Bb6 35. Qd2 Qa3 36. Re1 g6 37. Nc4 e3 38. fxe3 Qa7 39. Nxb6 Qxb6 40. Qd4
Qb7 41. Bf4 Re8 42. b5 Re4 43. Qd6 Nd5 44. Rd1 N7f6 45. Bg5 Re6 46. Qc5 Kh7 47.
Bxf6 Nxf6 48. Bc4 Re7 49. Rf1 Rc7 50. Qd4 Ne8 51. Bd5 Qxb5 52. Bxf7 Ng7 53. Qf6
Qd3 54. Rf3 Rc1+ 55. Kh2 Qb1 56. e4 Rh1+ 57. Kg3 Qe1+ 58. Kf4 Qd2+ 59. Kg3 h4+
60. Kxh4 Qh6+ 61. Kg4 Re1 62. Qf4 Qh5+ 63. Kg3 g5 64. Bxh5 Nxh5+ 65. Kg4 Nxf4
66. Kxg5 Nxg2 67. Rf7+ Kg8 68. Rf2 Rxe4 69. Rxg2 Kh7 70. Rg4 Rxg4+ 71. hxg4 Kg7
72. Kh5 Kh7 73. g5 Kg7 74. g6 Kg8 75. Kh6 Kh8 76. g7+ Kg8 77. Kg6 1/2-1/2

[Event "Superbet CRO Blitz 2024"]
[Site "Zagreb CRO"]
[Date "2024.07.13"]
[Round "7.2"]
[White "Vachier-Lagrave, Maxime"]
[Black "Caruana, Fabiano"]
[Result "1/2-1/2"]
[WhiteTitle "GM"]
[BlackTitle "GM"]
[WhiteElo "2718"]
[BlackElo "2796"]
[WhiteFideId "623539"]
[BlackFideId "2020009"]
[EventDate "2024.07.13"]

1. e4 e5 2. Nf3 Nc6 3. Bb5 a6 4. Ba4 Nge7 5. c3 Ng6 6. d4 exd4 7. cxd4 Bb4+ 8.
Nc3 d5 9. exd5 Bxc3+ 10. bxc3 Qxd5 11. Bb3 Qe4+ 12. Kf1 Bg4 13. h3 Bxf3 14. gxf3
Qe7 15. h4 Nxh4 16. d5 Ne5 17. Qe2 Nhg6 18. f4 Nd7 19. Qxe7+ Nxe7 20. Ba3 Nf5
21. Re1+ Kd8 22. c4 b6 23. Bb2 f6 24. Rg1 g6 25. Rh1 Nd6 26. Re6 h5 27. Ba3 Re8
28. Bxd6 cxd6 29. Rxd6 Ke7 30. Re6+ Kf7 31. f5 gxf5 32. Rd6 Ke7 33. Rc6 Rac8 34.
Rxc8 Rxc8 35. Rxh5 Ne5 36. Rh4 Kd6 37. Rf4 Kc5 38. Rxf5 Nxc4 39. Bxc4 Kxc4 40.
Rxf6 Kc5 41. Ke2 Kxd5 42. Kd3 Kc5 43. f4 a5 44. Re6 b5 45. f5 Kb4 46. f6 Ka3 47.
Re2 b4 48. f7 Rf8 49. Rf2 a4 50. Kc4 b3 51. axb3 axb3 52. Rf6 Ka2 53. Ra6+ Kb1
54. Kxb3 Rxf7 55. Ra3 Rf3+ 56. Kb4 Rxa3 57. Kxa3 1/2-1/2

[Event "Superbet CRO Blitz 2024"]
[Site "Zagreb CRO"]
[Date "2024.07.13"]
[Round "7.3"]
[White "Saric, Ivan"]
[Black "Nepomniachtchi, Ian"]
[Result "1-0"]
[WhiteTitle "GM"]
[BlackTitle "GM"]
[WhiteElo "2690"]
[BlackElo "2770"]
[WhiteFideId "14508150"]
[BlackFideId "4168119"]
[EventDate "2024.07.13"]

1. e4 c5 2. Nf3 d6 3. d4 cxd4 4. Nxd4 Nf6 5. Nc3 a6 6. Be3 e5 7. Nb3 Be7 8. Rg1
b5 9. g4 Bb7 10. Qd3 b4 11. Nd5 Nxd5 12. exd5 O-O 13. g5 Nd7 14. O-O-O a5 15.
Nd2 Qc7 16. Kb1 Rfc8 17. Ne4 a4 18. Bh3 Ba6 19. Qd2 b3 20. cxb3 axb3 21. axb3
Qb7 22. Nf6+ Bxf6 23. gxf6 Qxb3 24. Rxg7+ Kh8 25. Rxh7+ Kxh7 26. Bf5+ Kh8 27.
Ba7 Qxd1+ 28. Qxd1 Nxf6 29. Qd2 Ng8 30. Qe3 Rc4 31. Qh3+ Kg7 32. Be3 Bc8 33.
Qh7+ Kf8 34. Bd3 Rg4 35. Qh8 Bd7 36. Kc2 Ke7 37. h3 Rg1 38. Qh4+ Ke8 39. Qb4 Ke7
40. Qb7 Rc8+ 41. Kd2 Nf6 42. h4 Rgc1 43. Bg5 Rd8 44. Kxc1 1-0

[Event "Superbet CRO Blitz 2024"]
[Site "Zagreb CRO"]
[Date "2024.07.13"]
[Round "7.4"]
[White "So, Wesley"]
[Black "Vidit, Santosh Gujrathi"]
[Result "1-0"]
[WhiteTitle "GM"]
[BlackTitle "GM"]
[WhiteElo "2757"]
[BlackElo "2720"]
[WhiteFideId "5202213"]
[BlackFideId "5029465"]
[EventDate "2024.07.13"]

1. e4 e5 2. Nf3 Nc6 3. Bc4 Bc5 4. c3 Nf6 5. d3 d6 6. Bg5 h6 7. Bh4 a6 8. Nbd2
Ba7 9. a4 O-O 10. h3 g5 11. Nxg5 hxg5 12. Bxg5 Kg7 13. Qf3 Rh8 14. Nf1 Kg6 15.
h4 Bg4 16. Qg3 Qd7 17. f3 Rag8 18. fxg4 Qxg4 19. Rh3 Rg7 20. Qf3 Qxf3 21. Rxf3
Ng4 22. g3 f6 23. Bd2 Re7 24. b4 Nd8 25. b5 a5 26. Ke2 Ne6 27. Bxe6 Rxe6 28. c4
Bd4 29. Rc1 b6 30. Rf5 Rh5 31. Rxh5 Kxh5 32. Bc3 f5 33. exf5 Rf6 34. Bxd4 exd4
35. Nd2 Ne3 36. Rg1 Kg4 37. Ne4 Rf7 38. f6 d5 39. cxd5 Nxd5 40. Rf1 Nc3+ 41.
Nxc3 dxc3 42. Kd1 Kxg3 43. h5 1-0

[Event "Superbet CRO Blitz 2024"]
[Site "Zagreb CRO"]
[Date "2024.07.13"]
[Round "7.5"]
[White "Giri, Anish"]
[Black "Aronian, Levon"]
[Result "1/2-1/2"]
[WhiteTitle "GM"]
[BlackTitle "GM"]
[WhiteElo "2745"]
[BlackElo "2729"]
[WhiteFideId "24116068"]
[BlackFideId "13300474"]
[EventDate "2024.07.13"]

1. c4 Nf6 2. Nf3 e6 3. b3 d5 4. Bb2 Bd6 5. g3 O-O 6. Bg2 b6 7. O-O Bb7 8. Nc3 a6
9. cxd5 exd5 10. e3 Nbd7 11. Ne2 Re8 12. Rc1 Rc8 13. d4 Ne4 14. Nf4 Qe7 15. Nd3
Rcd8 16. b4 b5 17. Nc5 Bc8 18. Qc2 Nb6 19. Nxe4 Qxe4 20. Qxe4 dxe4 21. Nd2 f5
22. a3 Bb7 23. f3 exf3 24. Bxf3 Bxf3 25. Rxf3 Nd5 26. Re1 g6 27. h3 h5 28. Kf2
Re6 29. e4 fxe4 30. Rxe4 Rde8 31. Rxe6 Rxe6 32. Bc1 Nf6 33. Rd3 Ne4+ 34. Nxe4
Rxe4 35. Kf3 Re1 36. Bf4 Kf7 37. Bxd6 cxd6 38. Rc3 Ra1 39. Ke4 Ke6 40. d5+ Kf6
41. Rc6 Rxa3 42. Rxd6+ Kf7 43. Kf4 Rd3 44. h4 Kg7 45. Rd7+ Kf6 46. Rd6+ Kf7 47.
Rxa6 Rxd5 48. Ke4 Rf5 49. Rb6 Kg7 50. Rb7+ Kf6 51. Rb6+ Kg7 52. Rc6 Kf7 53. Rc7+
Ke6 54. Rc6+ Kf7 55. Rb6 Kg7 56. Rc6 Kf7 57. Rb6 Kg7 1/2-1/2

[Event "Superbet CRO Blitz 2024"]
[Site "Zagreb CRO"]
[Date "2024.07.13"]
[Round "8.1"]
[White "Saric, Ivan"]
[Black "So, Wesley"]
[Result "1/2-1/2"]
[WhiteTitle "GM"]
[BlackTitle "GM"]
[WhiteElo "2690"]
[BlackElo "2757"]
[WhiteFideId "14508150"]
[BlackFideId "5202213"]
[EventDate "2024.07.13"]

1. e4 e5 2. Nf3 Nc6 3. Bb5 Nf6 4. O-O Nxe4 5. Re1 Nd6 6. Nxe5 Be7 7. Bf1 Nf5 8.
Nf3 d5 9. d4 O-O 10. c3 Re8 11. Bd3 Bd6 12. Rxe8+ Qxe8 13. Nbd2 Nce7 14. Qc2 g6
15. Nf1 f6 16. Bd2 Qf7 17. Re1 c6 18. a4 Ng7 19. Ne3 Bd7 20. h3 Re8 21. Ng4 Nef5
22. Rxe8+ Bxe8 23. Bxf5 Nxf5 24. Nh4 Qe6 25. Nxf5 gxf5 26. Nh6+ Kf8 27. Qxf5
Qxf5 28. Nxf5 Bc7 29. g4 Bg6 30. Kg2 Kf7 31. Kf3 Ke6 32. Bf4 Bxf4 33. Kxf4 Bxf5
34. gxf5+ Kf7 35. a5 Kg7 36. Kg4 Kh6 37. b3 b5 38. a6 Kg7 39. Kh5 Kf7 40. Kh4
Kg7 41. Kg4 Kh6 42. f4 Kg7 43. Kf3 Kh6 44. Kg4 Kg7 45. Kf3 Kh6 46. Kg4 Kg7 47.
Kf3 1/2-1/2

[Event "Superbet CRO Blitz 2024"]
[Site "Zagreb CRO"]
[Date "2024.07.13"]
[Round "8.2"]
[White "Caruana, Fabiano"]
[Black "Giri, Anish"]
[Result "1/2-1/2"]
[WhiteTitle "GM"]
[BlackTitle "GM"]
[WhiteElo "2796"]
[BlackElo "2745"]
[WhiteFideId "2020009"]
[BlackFideId "24116068"]
[EventDate "2024.07.13"]

1. c4 Nf6 2. Nc3 e5 3. Nf3 Nc6 4. g3 d5 5. cxd5 Nxd5 6. Bg2 Bc5 7. O-O O-O 8. d3
h6 9. Nxd5 Qxd5 10. Bd2 Qd6 11. Bc3 Rd8 12. a3 a5 13. Nd2 Be6 14. Rc1 Bb6 15.
Qa4 Bd5 16. Nc4 Qe6 17. Nxb6 cxb6 18. Qb5 Na7 19. Bxd5 Rxd5 20. Qb3 Re8 21. a4
Nc8 22. Bd2 e4 23. Bf4 exd3 24. exd3 Qf5 25. Rfd1 b5 26. Rc7 bxa4 27. Qxb7 g5
28. Be3 Nd6 29. Qc6 Rxd3 30. Ra1 Re6 31. Qxa4 Rexe3 32. fxe3 Rd2 33. Rf1 Qh3 34.
Rf2 Rxf2 35. Kxf2 Qxh2+ 36. Kf1 Qh1+ 37. Ke2 Qg2+ 38. Kd3 Qxb2 39. Qxa5 Qb1+ 40.
Rc2 Qf1+ 41. Re2 Nf5 42. Qe5 Qf3 43. Rb2 Qd1+ 44. Kc3 Qc1+ 45. Kd3 Qd1+ 46. Rd2
Qf1+ 47. Kc2 Qc4+ 48. Kb2 Qb4+ 49. Kc1 Qa3+ 50. Kd1 Qb3+ 51. Ke2 Qc4+ 52. Kf2
Ng7 53. Qf6 Qe6 54. Rd8+ Kh7 55. Qxe6 Nxe6 56. Ra8 h5 57. Kf3 Kg6 58. Ke4 Nc5+
59. Kd5 Ne6 60. Ke5 Ng7 61. Rh8 f6+ 62. Ke4 Nf5 63. Kf3 Nd6 64. Ra8 Nc4 65. Ke4
Nd6+ 66. Kf3 Nf7 67. Rb8 Kf5 68. Rb5+ Ne5+ 69. Kf2 Ke4 70. Rb4+ Kf5 71. Ra4 Nd3+
72. Ke2 Ne5 73. Ra6 Ng6 74. e4+ Kxe4 75. Rxf6 Ne5 76. Rh6 h4 77. gxh4 gxh4 78.
Rxh4+ Kd5 79. Rh5 Ke4 80. Rh8 Kd4 81. Ra8 Ke4 82. Ra4+ Kd5 83. Ke3 Nc4+ 84. Kf4
Kd4 85. Ra8 Kd5 86. Rd8+ Nd6 87. Rxd6+ Kxd6 1/2-1/2

[Event "Superbet CRO Blitz 2024"]
[Site "Zagreb CRO"]
[Date "2024.07.13"]
[Round "8.3"]
[White "Gukesh, D"]
[Black "Vachier-Lagrave, Maxime"]
[Result "0-1"]
[WhiteTitle "GM"]
[BlackTitle "GM"]
[WhiteElo "2763"]
[BlackElo "2718"]
[WhiteFideId "46616543"]
[BlackFideId "623539"]
[EventDate "2024.07.13"]

1. d4 Nf6 2. Bf4 d5 3. e3 c5 4. c3 e6 5. Nd2 Nc6 6. Bd3 Bd6 7. Bxd6 Qxd6 8. f4
cxd4 9. cxd4 Bd7 10. a3 h6 11. Ngf3 g5 12. g3 gxf4 13. exf4 h5 14. Qe2 Rc8 15.
h4 Rg8 16. Rg1 Qc7 17. b4 Ne7 18. Qe5 Qc3 19. Ke2 Ng4 20. Qxh5 Nf5 21. Ne5 Nxd4+ 0-1